Lo que cuentan los incas /

Guardado en:
Autor Principal: Marcuse, Aída E.
Otros Autores: Rojas, Oscar; il.
Formato: Libro
Idioma:Undetermined
Publicado: Buenos Aires : Sudamericana, 1999.
Series:Cuentamérica
Materias:
Etiquetas: Agregar Etiqueta
Sin Etiquetas, Sea el primero en etiquetar este registro!
LEADER 01221nam a22002655a 4500
001 CEM.cems021275
008 240704s1999####ag############000#0#und#d
005 20240704164640.0
245 1 0 |a Lo que cuentan los incas /  |c Aída E. Marcuse ; ilustrado por Oscar Rojas. 
260 |a Buenos Aires :  |b Sudamericana,  |c 1999. 
300 |a 64 p. 
490 1 |a Cuentamérica 
500 |a Edad sugerida: a partir de 9 años. 
505 0 |a Para acercarnos -- Inca por inca se hace un imperio -- El gran Pachacutec -- ¿Quién hizo los mundos? -- Hanaq Pacha, el mundo de arriba -- La llama que perdió el apetito -- Por qué comemos humint'as -- El chiwaku atolondrado -- El grano de quinua y las aves guaneras -- ¿Quiénes eran los incas? -- ¿Dónde encontramos estas historias? 
020 |a 9500715015 
100 1 |a Marcuse, Aída E. 
700 1 |a Rojas, Oscar; il. 
653 |a Leyendas 
653 |a Mitos 
653 |a Literatura infantil 
653 |a Literatura juvenil 
653 |a Incas 
859 |a CEMS  |b BIB. CEMS - Inicial y Primaria  |h 398.2  |i M334  |k IP  |p 2210  |t Ej.1 
859 |a CEMS  |b BIB. CEMS - Inicial y Primaria  |h 398.2  |i M334  |k IP  |p 2211  |t Ej.2 
859 |a CEMS  |b BIB. CEMS - Inicial y Primaria  |h 398.2  |i M334  |k IP  |p 2212  |t Ej.3